| 000 | 01076nas a2200337 4500 | ||
|---|---|---|---|
| 001 | BR0503337 | ||
| 003 | BR-BrBNA | ||
| 005 | 20231205105504.0 | ||
| 007 | ta | ||
| 008 | 230509b bl.|||p| |||| 00| 00por d | ||
| 040 |
_aBR-BrBNA _bpor _cBiblioteca Nacional de Agricultura |
||
| 041 | _a(Pt) | ||
| 072 | _aF03 | ||
| 100 | 1 | _aFerreira, O.G.L. | |
| 100 | 1 | _aMonks, P.L. | |
| 100 | 1 | _aMachado, A.N. | |
| 100 | 1 | _aAffonso, A.B. | |
| 245 | 1 | _aEfeito do corte da parte aérea e de épocas de colheita sobre o rendimento e qualidade das sementes de feijão-dos-arrozais | |
| 650 | _aFEIJÃO-ARROZ | ||
| 650 | _aLEGUMINOSA FORRAGEIRA | ||
| 650 | _aGERMINAÇÃO | ||
| 650 | _aSEMENTE | ||
| 650 | _aQUALIDADE | ||
| 650 | _aRENDIMENTO | ||
| 650 | _aÉPOCA DE COLHEITA | ||
| 650 | _aFLORAÇÃO | ||
| 773 | 0 |
_tRevista Brasileira de Agrociência (Brazil) _xISSN 0104-8996 _g(Apr-Jun 2004), v. 10(2) p. 175-178 _wBR0503337 |
|
| 856 | 4 | 0 | _uhttp://www.ufpel.tche.br/faem/agrociencia/v10n2/artigo05.pdf |
| 909 |
_a202311 _bLúcia _c55 _dLúcia Elande |
||
| 942 |
_2AGRIS _n0 _cANA |
||
| 999 |
_c183234 _d183234 |
||